| 000 | 00604cam a2200157 4500 | ||
|---|---|---|---|
| 001 | WB3529-13 | ||
| 008 | 000000n1999 000 0 eng u | ||
| 035 | _a(Sirsi) u102116 | ||
| 245 | _aNorthern Ireland property market. | ||
| 260 | _ac1999 | ||
| 490 |
_aIrish Times - Commercial Property _v29 July 1999, 26-19 (LOAN) |
||
| 520 | _aA feature on the commercial property market in Northern Ireland, including articles on the office market and rents, the International Airport and the Industrial Development Board. | ||
| 650 | _aNORTHERN IRELAND | ||
| 690 | _aPROPERTY-COMMERCIAL PROPERTY | ||
| 942 | _n0 | ||
| 999 |
_c61208 _d61208 |
||